[Event "Primorsko op"]
[Site "Primorsko"]
[Date "2018.09.23"]
[Round "8"]
[White "Nenchev, Georgi"]
[Black "Atanasov, Ivaylo"]
[Result "0-1"]
[WhiteElo "1442"]
[BlackElo "1588"]
[PlyCount "61"]
[EventDate "2018.09.16"]
[EventType "swiss"]
[EventRounds "9"]
[EventCountry "BUL"]
[SourceTitle "CBM 186 Extra"]
[Source "ChessBase"]
[SourceDate "2018.08.24"]
[SourceVersion "1"]
[SourceVersionDate "2018.08.24"]
[SourceQuality "1"]

1. e4 c5 2. c4 Nc6 3. Nf3 d6 4. d4 cxd4 5. Nxd4 Nf6 6. Nc3 Bg4 7. Nxc6 bxc6 8. Be2 Bxe2 9. Qxe2 h6 10. 0-0 e6 11. Rd1 Qc7 12. Be3 Be7 13. Rd2 0-0 14. Rad1 Nd7 15. c5 d5 16. exd5 cxd5 17. Nb5 Qa5 18. Qg4 Qxb5 19. Bxh6 Bf6 20. a4 Qxc5 21. Be3 Qc6 22. b4 Ne5 23. Qh3 Nc4 24. b5 Qd6 25. Re2 Qb4 26. g4 Qxa4 27. Rc1 Bb2 28. g5 Bxc1 29. g6 fxg6 30. Qxe6+ Rf7 31. Qxd5 0-1

[Event "Primorsko op"]
[Site "Primorsko"]
[Date "2018.09.22"]
[Round "7"]
[White "Ivanov, Georgi1"]
[Black "Nenchev, Georgi"]
[Result "1/2-1/2"]
[WhiteElo "1530"]
[BlackElo "1442"]
[PlyCount "48"]
[EventDate "2018.09.16"]
[EventType "swiss"]
[EventRounds "9"]
[EventCountry "BUL"]
[SourceTitle "CBM 186 Extra"]
[Source "ChessBase"]
[SourceDate "2018.08.24"]
[SourceVersion "1"]
[SourceVersionDate "2018.08.24"]
[SourceQuality "1"]

1. c4 c5 2. Nf3 Nc6 3. e3 Nf6 4. d4 cxd4 5. exd4 e6 6. Nc3 Bb4 7. a3 Bxc3+ 8. bxc3 d5 9. c5 Qa5 10. Qb3 Ne4 11. Bb2 0-0 12. Bd3 f5 13. 0-0 Rf6 14. Rad1 Qc7 15. Bxe4 fxe4 16. Nd2 Bd7 17. c4 Ne7 18. cxd5 exd5 19. Qg3 Qxg3 20. fxg3 Raf8 21. Rxf6 Rxf6 22. Rf1 Rxf1+ 23. Nxf1 Bb5 24. Ne3 Kf7 1/2-1/2

[Event "Primorsko op"]
[Site "Primorsko"]
[Date "2018.09.21"]
[Round "6"]
[White "Nenchev, Georgi"]
[Black "Arnaudov, Petar"]
[Result "0-1"]
[WhiteElo "1442"]
[BlackElo "2008"]
[PlyCount "45"]
[EventDate "2018.09.16"]
[EventType "swiss"]
[EventRounds "9"]
[EventCountry "BUL"]
[SourceTitle "CBM 186 Extra"]
[Source "ChessBase"]
[SourceDate "2018.08.24"]
[SourceVersion "1"]
[SourceVersionDate "2018.08.24"]
[SourceQuality "1"]

1. Nf3 c5 2. c4 Nc6 3. Nc3 g6 4. e3 Nf6 5. d3 Bg7 6. Qc2 0-0 7. Be2 d5 8. cxd5 Nxd5 9. Nxd5 Qxd5 10. Bd2 b6 11. Bc3 e5 12. e4 Qe6 13. 0-0 a5 14. h3 Ba6 15. a4 Rfd8 16. Rfd1 Rac8 17. b3 Rc7 18. Qb2 Qe8 19. Ne1 f5 20. exf5 gxf5 21. Bf3 Nd4 22. Bxd4 Rxd4 23. Be2 0-1

[Event "Primorsko op"]
[Site "Primorsko"]
[Date "2018.09.19"]
[Round "4"]
[White "Ivanov, Igor2"]
[Black "Nenchev, Georgi"]
[Result "1-0"]
[WhiteElo "1811"]
[BlackElo "1442"]
[PlyCount "144"]
[EventDate "2018.09.16"]
[EventType "swiss"]
[EventRounds "9"]
[EventCountry "BUL"]
[SourceTitle "CBM 186 Extra"]
[Source "ChessBase"]
[SourceDate "2018.08.24"]
[SourceVersion "1"]
[SourceVersionDate "2018.08.24"]
[SourceQuality "1"]

1. c4 c5 2. Nf3 Nc6 3. g3 Nf6 4. Bg2 d5 5. cxd5 Nxd5 6. 0-0 e6 7. Nc3 Be7 8. d3 0-0 9. a3 Nxc3 10. bxc3 Bf6 11. Qc2 Qc7 12. Nd2 Qa5 13. Ne4 Be7 14. Bd2 Rd8 15. Rfb1 h6 16. c4 Qc7 17. Bf4 e5 18. Be3 Nd4 19. Qb2 f5 20. Nc3 Rd7 21. Nb5 Nxb5 22. Qxb5 f4 23. Bd2 a6 24. Qb6 Qxb6 25. Rxb6 fxg3 26. hxg3 Rd6 27. Rab1 Rxb6 28. Rxb6 Bd8 29. Rd6 Bc7 30. Rd5 Kf7 31. Rxc5 Bd6 32. Ra5 Bc7 33. Ra4 a5 34. c5 Ke6 35. Rc4 Rb8 36. a4 Ke7 37. Bd5 b5 38. cxb6 Bxb6 39. Kg2 Ba6 40. Rc1 Rf8 41. f3 g5 42. Rc6 Rf6 43. Rxf6 Kxf6 44. Bc3 Bc7 45. g4 Bc8 46. Bc6 Be6 47. e3 Bb3 48. Kf2 Bf7 49. d4 h5 50. gxh5 Bxh5 51. dxe5+ Ke7 52. f4 gxf4 53. exf4 Bg6 54. Kg3 Ke6 55. Be1 Bb6 56. Bc3 Bc7 57. Kf3 Bh5+ 58. Ke3 Bb6+ 59. Bd4 Bc7 60. Be4 Bd8 61. f5+ Kd7 62. Bd3 Bg5+ 63. Ke4 Bd8 64. Bb5+ Ke7 65. Bc5+ Kf7 66. Bc4+ Ke8 67. e6 Bf6 68. Bd4 Bf3+ 69. Ke3 Bxd4+ 70. Kxd4 Bd1 71. Bb5+ Ke7 72. Ke5 Bh5 1-0

[Event "Primorsko op"]
[Site "Primorsko"]
[Date "2018.09.18"]
[Round "3"]
[White "Nenchev, Georgi"]
[Black "Kanov, Nikola"]
[Result "0-1"]
[WhiteElo "1442"]
[BlackElo "1929"]
[PlyCount "52"]
[EventDate "2018.09.16"]
[EventType "swiss"]
[EventRounds "9"]
[EventCountry "BUL"]
[SourceTitle "CBM 186 Extra"]
[Source "ChessBase"]
[SourceDate "2018.08.24"]
[SourceVersion "1"]
[SourceVersionDate "2018.08.24"]
[SourceQuality "1"]

1. Nf3 Nf6 2. c4 g6 3. Nc3 d5 4. cxd5 Nxd5 5. Nxd5 Qxd5 6. Qa4+ Bd7 7. Qd4 Qxd4 8. Nxd4 Bg7 9. Nf3 Nc6 10. a3 Na5 11. d3 Nb3 12. Rb1 Nxc1 13. Rxc1 Bxb2 14. Rxc7 Bc6 15. Rxc6 bxc6 16. a4 Rb8 17. Kd2 Rb4 18. g3 Rxa4 19. Bg2 0-0 20. h4 Rb8 21. h5 c5 22. hxg6 hxg6 23. Rh4 Bd4 24. Nxd4 cxd4 25. Bd5 Rb2+ 26. Kc1 Rxe2 0-1

[Event "Primorsko op"]
[Site "Primorsko"]
[Date "2018.09.17"]
[Round "2"]
[White "Georgiev, Krum"]
[Black "Nenchev, Georgi"]
[Result "1-0"]
[WhiteElo "2325"]
[BlackElo "1442"]
[PlyCount "52"]
[EventDate "2018.09.16"]
[EventType "swiss"]
[EventRounds "9"]
[EventCountry "BUL"]
[SourceTitle "CBM 186 Extra"]
[Source "ChessBase"]
[SourceDate "2018.08.24"]
[SourceVersion "1"]
[SourceVersionDate "2018.08.24"]
[SourceQuality "1"]

1. e4 e6 2. d3 c5 3. g3 Nc6 4. Bg2 Nf6 5. Nd2 Qb6 6. Ngf3 d6 7. 0-0 Be7 8. Re1 0-0 9. b3 Qc7 10. Bb2 Rb8 11. a4 a5 12. e5 dxe5 13. Nxe5 Nd7 14. Nxc6 bxc6 15. Ne4 f5 16. Nd2 Nf6 17. Be5 Bd6 18. Bxd6 Qxd6 19. Nc4 Qc7 20. Qd2 Rb4 21. Qe3 Nd5 22. Qxc5 Rxc4 23. bxc4 Nb4 24. Rac1 Rd8 25. Re5 Qd6 26. Qxd6 Rxd6 1-0

[Event "Sofia Gerenski Memorial 11th"]
[Site "Sofia"]
[Date "2018.03.23"]
[Round "4"]
[White "Sotirov, Ilia"]
[Black "Nenchev, Georgi"]
[Result "1-0"]
[WhiteElo "1758"]
[BlackElo "1388"]
[PlyCount "45"]
[EventDate "2018.03.21"]
[EventType "swiss"]
[EventRounds "7"]
[EventCountry "BUL"]
[SourceTitle "CBM 183 Extra"]
[Source "ChessBase"]
[SourceDate "2018.04.19"]
[SourceVersion "1"]
[SourceVersionDate "2018.04.19"]
[SourceQuality "1"]

1. d4 Nf6 2. Nc3 e6 3. e4 d5 4. e5 Nfd7 5. f4 g6 6. Nf3 Bg7 7. Be3 b6 8. Bd3 a5 9. 0-0 Ba6 10. Nb5 Bxb5 11. Bxb5 c6 12. Be2 0-0 13. c4 Qe7 14. cxd5 cxd5 15. Rc1 Ra7 16. Bb5 Qd8 17. Qe2 Rc7 18. Rxc7 Qxc7 19. Rc1 Qb7 20. Qc2 Rd8 21. Qc7 Qxc7 22. Rxc7 Bf8 23. a3 1-0

[Event "Sofia Gerenski Memorial 11th"]
[Site "Sofia"]
[Date "2018.03.22"]
[Round "2"]
[White "Nenov, Radoslav"]
[Black "Nenchev, Georgi"]
[Result "1/2-1/2"]
[WhiteElo "2103"]
[BlackElo "1388"]
[PlyCount "72"]
[EventDate "2018.03.21"]
[EventType "swiss"]
[EventRounds "7"]
[EventCountry "BUL"]
[SourceTitle "CBM 183 Extra"]
[Source "ChessBase"]
[SourceDate "2018.04.19"]
[SourceVersion "1"]
[SourceVersionDate "2018.04.19"]
[SourceQuality "1"]

1. Nf3 d5 2. g3 Nf6 3. Bg2 e6 4. d4 c5 5. c3 Be7 6. 0-0 0-0 7. Nbd2 a6 8. Re1 Nbd7 9. e4 dxe4 10. Nxe4 Nxe4 11. Rxe4 Qb6 12. Qe1 Nf6 13. Re2 Rd8 14. Bg5 Bd7 15. Rd1 Bb5 16. Red2 cxd4 17. Nxd4 Rac8 18. Nxb5 Qxb5 19. Rxd8+ Rxd8 20. Rxd8+ Bxd8 21. Qd2 Be7 22. a4 Qb3 23. Bxf6 Bxf6 24. Qd7 g6 25. Qxb7 Qxa4 26. Bc6 Qd1+ 27. Kg2 Qd3 28. h3 h5 29. Be4 Qd6 30. Bc6 a5 31. Be8 Qe7 32. Qxe7 Bxe7 33. b3 Kf8 34. Bb5 Bd6 35. f4 Ke7 36. Kf3 Ba3 1/2-1/2

[Event "Sofia Gerenski Memorial 11th"]
[Site "Sofia"]
[Date "2018.03.21"]
[Round "1"]
[White "Nenchev, Georgi"]
[Black "Tsenov, Filotei"]
[Result "1/2-1/2"]
[WhiteElo "1388"]
[BlackElo "1777"]
[PlyCount "42"]
[EventDate "2018.03.21"]
[EventType "swiss"]
[EventRounds "7"]
[EventCountry "BUL"]
[SourceTitle "CBM 183 Extra"]
[Source "ChessBase"]
[SourceDate "2018.04.19"]
[SourceVersion "1"]
[SourceVersionDate "2018.04.19"]
[SourceQuality "1"]

1. Nf3 Nf6 2. d4 d5 3. e3 g6 4. Be2 Bg7 5. 0-0 0-0 6. c4 c6 7. Nc3 Nbd7 8. cxd5 Nxd5 9. e4 Nxc3 10. bxc3 e5 11. Qc2 Qc7 12. Bb2 b5 13. a4 Rb8 14. axb5 cxb5 15. d5 Re8 16. Rfd1 Bf8 17. c4 bxc4 18. Ra4 Nb6 19. Ra5 Bd6 20. Rc1 Bd7 21. Rca1 Rb7 1/2-1/2

[Event "Sofia MGU op 195th"]
[Site "Sofia"]
[Date "2017.11.05"]
[Round "5"]
[White "Georgiev, Nikolay"]
[Black "Nenchev, Georgi"]
[Result "1-0"]
[WhiteElo "1588"]
[BlackElo "1404"]
[PlyCount "71"]
[EventDate "2017.11.04"]
[EventType "swiss"]
[EventRounds "6"]
[EventCountry "BUL"]
[SourceTitle "CBM 181 Extra"]
[Source "ChessBase"]
[SourceDate "2017.12.12"]
[SourceVersion "1"]
[SourceVersionDate "2017.12.12"]
[SourceQuality "1"]

1. e4 e6 2. Nc3 b6 3. Bc4 Bb7 4. d3 Bb4 5. Bd2 Ne7 6. Nge2 Nbc6 7. a3 Bxc3 8. Nxc3 Ne5 9. Ba2 d5 10. Bg5 c6 11. 0-0 h6 12. Bh4 N5g6 13. Bg3 h5 14. h3 d4 15. Ne2 Qd7 16. Qd2 0-0-0 17. b4 Rdf8 18. c4 dxc3 19. Qxc3 e5 20. Bxe5 f6 21. Bg3 Ba6 22. Nd4 Kb7 23. Ne6 Qxd3 24. Qxd3 Bxd3 25. Nxf8 Nxf8 26. Rfd1 Bxe4 27. Re1 h4 28. Bd6 Nf5 29. Bxf8 Bc2 30. Be6 Nd4 31. Bxg7 Rh7 32. Bxf6 Nxe6 33. Rxe6 Rh6 34. Rc1 Ba4 35. Re7+ Ka6 36. Bg5 1-0

[Event "Sofia MGU op 195th"]
[Site "Sofia"]
[Date "2017.11.05"]
[Round "4"]
[White "Ivanov, Daniel"]
[Black "Nenchev, Georgi"]
[Result "1-0"]
[WhiteElo "1758"]
[BlackElo "1404"]
[PlyCount "117"]
[EventDate "2017.11.04"]
[EventType "swiss"]
[EventRounds "6"]
[EventCountry "BUL"]
[SourceTitle "CBM 181 Extra"]
[Source "ChessBase"]
[SourceDate "2017.12.12"]
[SourceVersion "1"]
[SourceVersionDate "2017.12.12"]
[SourceQuality "1"]

1. e4 e6 2. d4 d5 3. e5 c5 4. c3 Qc7 5. a3 a6 6. Nf3 b5 7. Be3 Bb7 8. Bd3 Nd7 9. Nbd2 c4 10. Bc2 Ne7 11. Ng5 Ng6 12. h4 h6 13. Nxe6 Qc6 14. Nf4 Nxf4 15. Bxf4 Be7 16. Qg4 Kf8 17. Bf5 Bc8 18. h5 Nb6 19. Bxc8 Qxc8 20. Qf3 Qf5 21. Rc1 Qd3 22. Qxd3 cxd3 23. Nf3 Nc4 24. Rb1 a5 25. Nd2 Ra6 26. Rh3 Bg5 27. Bxg5 hxg5 28. g4 f6 29. Rxd3 Re6 30. Nxc4 bxc4 31. Re3 a4 32. Kd2 Ke7 33. exf6+ gxf6 34. Rbe1 Rxe3 35. Rxe3+ Kf7 36. Rf3 Ke6 37. Rf5 Rb8 38. Kc2 Rg8 39. f4 gxf4 40. Rxf4 Rg7 41. Kd1 Rb7 42. Rf2 Rg7 43. Rg2 Rg8 44. Ke2 Rg7 45. Kf3 Rg8 46. Kf4 Rg7 47. h6 Rh7 48. g5 fxg5+ 49. Kxg5 Rh8 50. Rf2 Rg8+ 51. Kh5 Rh8 52. Rf4 Ke7 53. Rf5 Ke6 54. Re5+ Kd6 55. Kg6 Rg8+ 56. Kf7 Rg2 57. Re6+ Kc7 58. h7 Rf2+ 59. Kg7 1-0

[Event "Sofia MGU op 195th"]
[Site "Sofia"]
[Date "2017.11.04"]
[Round "1"]
[White "Nenchev, Georgi"]
[Black "Grabchev, Plamen"]
[Result "1/2-1/2"]
[WhiteElo "1404"]
[BlackElo "1324"]
[PlyCount "69"]
[EventDate "2017.11.04"]
[EventType "swiss"]
[EventRounds "6"]
[EventCountry "BUL"]
[SourceTitle "CBM 181 Extra"]
[Source "ChessBase"]
[SourceDate "2017.12.12"]
[SourceVersion "1"]
[SourceVersionDate "2017.12.12"]
[SourceQuality "1"]

1. Nf3 b6 2. c4 c5 3. Nc3 Bb7 4. d3 h6 5. e3 e6 6. Be2 a6 7. 0-0 Nc6 8. Ne4 d5 9. Ng3 dxc4 10. dxc4 Qxd1 11. Rxd1 Rd8 12. Rxd8+ Kxd8 13. b3 Be7 14. Bb2 Bf6 15. Bxf6+ Nxf6 16. Rd1+ Ke7 17. a3 Rd8 18. Rxd8 Kxd8 19. Nd2 Ne5 20. Nh5 Nxh5 21. Bxh5 g6 22. Be2 h5 23. e4 Kd7 24. f3 Bc6 25. Kf2 b5 26. h4 bxc4 27. bxc4 f5 28. Nb3 Kd6 29. exf5 exf5 30. Ke3 Ba4 31. Nd2 Bc6 32. Kf4 Nf7 33. g4 fxg4 34. fxg4 hxg4 35. Kxg4 1/2-1/2

[Event "Sofia MGU op 195th"]
[Site "Sofia"]
[Date "2017.11.04"]
[Round "2"]
[White "Simeonov, Daniel"]
[Black "Nenchev, Georgi"]
[Result "1-0"]
[WhiteElo "1576"]
[BlackElo "1404"]
[PlyCount "57"]
[EventDate "2017.11.04"]
[EventType "swiss"]
[EventRounds "6"]
[EventCountry "BUL"]
[SourceTitle "CBM 181 Extra"]
[Source "ChessBase"]
[SourceDate "2017.12.12"]
[SourceVersion "1"]
[SourceVersionDate "2017.12.12"]
[SourceQuality "1"]

1. e4 e6 2. Nf3 d5 3. exd5 Qxd5 4. d4 Nf6 5. Be2 Be7 6. 0-0 0-0 7. c4 Qd8 8. a3 c5 9. Be3 Qb6 10. dxc5 Qxb2 11. Bd4 Qxa1 12. Bxa1 Bxc5 13. Bxf6 gxf6 14. Qb3 Nc6 15. Rd1 e5 16. Nc3 Nd4 17. Nxd4 Bxd4 18. Nd5 Kh8 19. Nxf6 Bf5 20. Qxb7 Rad8 21. Qf3 Bg6 22. Nh5 f5 23. Qc6 f4 24. h3 Bc2 25. Rc1 Bf5 26. Bg4 Bb2 27. Qb7 Bd4 28. Qc6 Rd7 29. Bxf5 1-0

[Event "Primorsko op"]
[Site "Primorsko"]
[Date "2017.09.19"]
[Round "3"]
[White "Bochev, Krasimir"]
[Black "Nenchev, Georgi"]
[Result "1-0"]
[WhiteElo "2082"]
[BlackElo "1421"]
[PlyCount "73"]
[EventDate "2017.09.17"]
[EventType "swiss"]
[EventRounds "9"]
[EventCountry "BUL"]
[SourceTitle "CBM 180 Extra"]
[Source "ChessBase"]
[SourceDate "2017.10.06"]
[SourceVersion "1"]
[SourceVersionDate "2017.10.06"]
[SourceQuality "1"]

1. Nf3 d5 2. g3 Nf6 3. Bg2 e6 4. 0-0 Be7 5. d4 0-0 6. c4 c5 7. cxd5 cxd4 8. dxe6 Bxe6 9. Nxd4 Bd5 10. Nc3 Bxg2 11. Kxg2 a6 12. Bf4 Nbd7 13. Nf5 Re8 14. Nd6 Bxd6 15. Qxd6 Qb6 16. Qxb6 Nxb6 17. Rfd1 Re6 18. Rd4 Rc8 19. Rad1 Nc4 20. Rd8+ Re8 21. Rxe8+ Rxe8 22. b3 Nb6 23. Rd3 h6 24. f3 g5 25. Bc7 Nbd7 26. Kf2 Rc8 27. Bd6 Kh7 28. e4 Nc5 29. Bxc5 Rxc5 30. Ke3 Kg6 31. h3 h5 32. f4 g4 33. h4 Rc6 34. e5 Nd7 35. Ne4 f5 36. Rxd7 fxe4 37. Rd6+ 1-0

[Event "Sofia MGU op 188th"]
[Site "Sofia"]
[Date "2017.07.15"]
[Round "2"]
[White "Stoyanov, Plamen"]
[Black "Nenchev, Georgi"]
[Result "1-0"]
[WhiteElo "1427"]
[BlackElo "1450"]
[PlyCount "45"]
[EventDate "2017.07.15"]
[EventType "swiss"]
[EventRounds "6"]
[EventCountry "BUL"]
[SourceTitle "CBM 179 Extra"]
[Source "ChessBase"]
[SourceDate "2017.08.23"]
[SourceVersion "1"]
[SourceVersionDate "2017.08.23"]
[SourceQuality "1"]

1. d4 Nf6 2. c4 e6 3. Nf3 Bb4+ 4. Bd2 Qe7 5. g3 Nc6 6. a3 Bxd2+ 7. Nbxd2 d5 8. Bg2 0-0 9. 0-0 dxc4 10. Nxc4 Rd8 11. e3 h6 12. Qc2 Ne8 13. Rfd1 Nd6 14. Nce5 Nxe5 15. Nxe5 c6 16. Rac1 Bd7 17. Qb3 Rab8 18. Nd3 Qe8 19. Nc5 Nb5 20. e4 Bc8 21. e5 Nc7 22. Ne4 Nd5 23. Nd6 1-0

[Event "Primorsko op"]
[Site "Primorsko"]
[Date "2016.09.22"]
[Round "6"]
[White "Dzhagraeva, Anaid"]
[Black "Nenchev, Georgi"]
[Result "0-1"]
[WhiteElo "1573"]
[BlackElo "1440"]
[PlyCount "156"]
[EventDate "2016.09.18"]
[EventType "swiss"]
[EventRounds "9"]
[EventCountry "BUL"]
[SourceTitle "CBM 174 Extra"]
[Source "ChessBase"]
[SourceDate "2016.10.10"]
[SourceVersion "1"]
[SourceVersionDate "2016.10.10"]
[SourceQuality "1"]

1. Nf3 d5 2. d4 Nf6 3. e3 c5 4. dxc5 Qa5+ 5. Nc3 Qxc5 6. Bb5+ Bd7 7. Bxd7+ Nbxd7 8. 0-0 e6 9. Bd2 Be7 10. Ne2 0-0 11. a3 Qc7 12. Ng3 Bd6 13. Ne2 Ng4 14. h3 Nh2 15. Nxh2 Bxh2+ 16. Kh1 Be5 17. Bc3 Rac8 18. Bxe5 Nxe5 19. c3 Qb6 20. Rb1 Nc4 21. Qc2 Rc7 22. Ng1 a5 23. Nf3 h6 24. Nd2 Rfc8 25. Nxc4 Rxc4 26. Rfd1 a4 27. Rd2 Qb3 28. Qxb3 axb3 29. Rbd1 b5 30. Rd4 Ra8 31. Kg1 g6 32. Kf1 Kg7 33. Ke2 f5 34. g3 Kf6 35. R1d2 g5 36. Rd1 h5 37. f3 Ke5 38. f4+ Kf6 39. h4 gxh4 40. gxh4 Rg8 41. Kf2 Rg4 42. Rh1 Ke7 43. Rdd1 Kd6 44. Rh2 e5 45. fxe5+ Kxe5 46. Rd4 f4 47. Rxc4 dxc4 48. Rh3 Ke4 49. exf4 Rxf4+ 50. Ke2 Rg4 51. Rh2 Rg1 52. Kf2 Rc1 53. Kg3 Rc2 54. Rh1 Rxb2 55. Re1+ Kd5 56. Kf4 Rf2+ 57. Kg5 Ra2 58. Kxh5 Rxa3 59. Kg6 Ra6+ 60. Kg7 Re6 61. Rd1+ Ke5 62. h5 Kf4 63. h6 Re7+ 64. Kg8 Re8+ 65. Kf7 Rb8 66. h7 Ke3 67. Kg7 Ke2 68. Rh1 Kd2 69. h8Q Rxh8 70. Kxh8 Kxc3 71. Kg7 b2 72. Kf6 Kb3 73. Ke5 c3 74. Kd4 c2 75. Rh3+ Ka2 76. Rh8 c1Q 77. Ra8+ Kb1 78. Kd3 Qc4+ 0-1

[Event "Primorsko op"]
[Site "Primorsko"]
[Date "2016.09.20"]
[Round "3"]
[White "Ilkov, Dani"]
[Black "Nenchev, Georgi"]
[Result "1-0"]
[WhiteElo "1539"]
[BlackElo "1440"]
[PlyCount "65"]
[EventDate "2016.09.18"]
[EventType "swiss"]
[EventRounds "9"]
[EventCountry "BUL"]
[SourceTitle "CBM 174 Extra"]
[Source "ChessBase"]
[SourceDate "2016.10.10"]
[SourceVersion "1"]
[SourceVersionDate "2016.10.10"]
[SourceQuality "1"]

1. Nf3 d5 2. g3 Nf6 3. Bg2 e6 4. 0-0 b6 5. c4 Bb7 6. d4 Be7 7. cxd5 exd5 8. Nc3 0-0 9. Qb3 c6 10. Rd1 Bd6 11. a4 Ba6 12. Nd2 Re8 13. e4 dxe4 14. Ndxe4 Nxe4 15. Nxe4 Rf8 16. Nxd6 Qxd6 17. Bf4 Qg6 18. a5 b5 19. Rac1 Bc8 20. d5 Bd7 21. Bxb8 Raxb8 22. dxc6 Be6 23. Qe3 a6 24. c7 Rbe8 25. Qb6 Bc8 26. Bc6 Re6 27. Rd8 Rd6 28. Rxf8+ Kxf8 29. Qb8 Qg4 30. Bb7 Rd1+ 31. Rxd1 Qxd1+ 32. Kg2 Ke7 33. Qxc8 1-0

[Event "Primorsko op"]
[Site "Primorsko"]
[Date "2016.09.18"]
[Round "1"]
[White "Mishev, Liubomir"]
[Black "Nenchev, Georgi"]
[Result "1-0"]
[WhiteElo "2128"]
[BlackElo "1440"]
[PlyCount "41"]
[EventDate "2016.09.18"]
[EventType "swiss"]
[EventRounds "9"]
[EventCountry "BUL"]
[SourceTitle "CBM 174 Extra"]
[Source "ChessBase"]
[SourceDate "2016.10.10"]
[SourceVersion "1"]
[SourceVersionDate "2016.10.10"]
[SourceQuality "1"]

1. e4 e6 2. d3 d5 3. Nd2 c5 4. Ngf3 Nc6 5. g3 Bd6 6. Bg2 Nge7 7. 0-0 0-0 8. Re1 Ng6 9. c3 Nge5 10. Nxe5 Nxe5 11. Qe2 Bb8 12. f4 Nc6 13. Nb3 b6 14. exd5 exd5 15. c4 Be6 16. g4 Nb4 17. a3 Nxd3 18. Qxd3 Qh4 19. Qg3 g5 20. Qxh4 gxh4 21. f5 1-0

[Event "Dyuni op 2nd"]
[Site "Dyuni"]
[Date "2016.09.03"]
[Round "3"]
[White "Nenchev, Georgi"]
[Black "Petkov, Hristo"]
[Result "0-1"]
[WhiteElo "1440"]
[BlackElo "2029"]
[PlyCount "34"]
[EventDate "2016.09.02"]
[EventType "swiss"]
[EventRounds "7"]
[EventCountry "BUL"]
[SourceTitle "CBM 174 Extra"]
[Source "ChessBase"]
[SourceDate "2016.10.10"]
[SourceVersion "1"]
[SourceVersionDate "2016.10.10"]
[SourceQuality "1"]

1. e4 c5 2. c4 Nc6 3. Nc3 g6 4. Nf3 Bg7 5. Qc2 a6 6. a3 e6 7. Rb1 Nge7 8. b4 cxb4 9. axb4 0-0 10. b5 Nd4 11. Nxd4 Bxd4 12. Ne2 Bg7 13. d4 d5 14. Ba3 axb5 15. Bxe7 Qxe7 16. c5 dxe4 17. Qxe4 Qc7 0-1

[Event "Teteven op 31st"]
[Site "Teteven"]
[Date "2016.08.19"]
[Round "7"]
[White "Nikolova, Angelika"]
[Black "Nenchev, Georgi"]
[Result "0-1"]
[WhiteElo "1120"]
[BlackElo "1462"]
[PlyCount "42"]
[EventDate "2016.08.13"]
[EventType "swiss"]
[EventRounds "9"]
[EventCountry "BUL"]
[SourceTitle "CBM 173 Extra"]
[Source "ChessBase"]
[SourceDate "2016.08.29"]
[SourceVersion "1"]
[SourceVersionDate "2016.08.29"]
[SourceQuality "1"]

1. e4 e6 2. d4 d5 3. c4 Bb4+ 4. Nc3 Bxc3+ 5. bxc3 Ne7 6. Be2 b6 7. Rb1 Bb7 8. Bd2 Nd7 9. e5 dxc4 10. Bxc4 Bxg2 11. Qg4 Bxh1 12. Qxg7 Rg8 13. Qxh7 Rxg1+ 14. Bf1 Nc5 15. dxc5 Qd5 16. cxb6 axb6 17. Rd1 Rxa2 18. Qb1 Qg2 19. Ke2 Qf3+ 20. Ke1 Bg2 21. Rc1 Rxf1# 0-1

[Event "Plovdiv ChessBomb op 2nd"]
[Site "Plovdiv"]
[Date "2016.07.16"]
[Round "7"]
[White "Nenchev, Georgi"]
[Black "Kartalov, Kiril"]
[Result "1-0"]
[WhiteElo "1457"]
[BlackElo "1640"]
[PlyCount "51"]
[EventDate "2016.07.12"]
[EventType "swiss"]
[EventRounds "7"]
[EventCountry "BUL"]
[SourceTitle "CBM 173 Extra"]
[Source "ChessBase"]
[SourceDate "2016.08.29"]
[SourceVersion "1"]
[SourceVersionDate "2016.08.29"]
[SourceQuality "1"]

1. e4 Nc6 2. Nc3 d6 3. Bb5 Nf6 4. d3 Nd7 5. Nf3 e5 6. Bg5 Be7 7. Qd2 Bxg5 8. Qxg5 Qxg5 9. Nxg5 Nd4 10. Bxd7+ Kxd7 11. 0-0-0 f6 12. Nf3 Nxf3 13. gxf3 c6 14. h4 Ke7 15. Rhg1 Kf7 16. Kd2 f5 17. exf5 Bxf5 18. Ne4 Rad8 19. Rg5 Be6 20. Rdg1 g6 21. h5 Bf5 22. Ng3 Ke6 23. Nxf5 gxf5 24. Rg7 h6 25. R1g6+ Kd5 26. Rxb7 1-0

[Event "Plovdiv ChessBomb op 2nd"]
[Site "Plovdiv"]
[Date "2016.07.15"]
[Round "5"]
[White "Nenchev, Georgi"]
[Black "Karadzhov, Ivan"]
[Result "0-1"]
[WhiteElo "1457"]
[BlackElo "1731"]
[PlyCount "52"]
[EventDate "2016.07.12"]
[EventType "swiss"]
[EventRounds "7"]
[EventCountry "BUL"]
[SourceTitle "CBM 173 Extra"]
[Source "ChessBase"]
[SourceDate "2016.08.29"]
[SourceVersion "1"]
[SourceVersionDate "2016.08.29"]
[SourceQuality "1"]

1. e4 e5 2. Nf3 Nc6 3. Bc4 Bc5 4. 0-0 Nf6 5. d3 d6 6. h3 h6 7. c3 Qe7 8. d4 Bb6 9. dxe5 dxe5 10. Qc2 g5 11. b4 g4 12. hxg4 Bxg4 13. Nh2 Rg8 14. Be2 Bh3 15. Bf3 Ng4 16. Nxg4 Bxg4 17. Qe2 Qh4 18. Be3 Qh5 19. Nd2 0-0-0 20. Bxg4+ Rxg4 21. Qf3 Rdg8 22. Bxb6 Rxg2+ 23. Qxg2 Rxg2+ 24. Kxg2 axb6 25. Rh1 Qg5+ 26. Kf3 Qxd2 0-1

[Event "Plovdiv ChessBomb op 2nd"]
[Site "Plovdiv"]
[Date "2016.07.13"]
[Round "3"]
[White "Nenchev, Georgi"]
[Black "Kisyov, Petar"]
[Result "1/2-1/2"]
[WhiteElo "1457"]
[BlackElo "1278"]
[PlyCount "41"]
[EventDate "2016.07.12"]
[EventType "swiss"]
[EventRounds "7"]
[EventCountry "BUL"]
[SourceTitle "CBM 173 Extra"]
[Source "ChessBase"]
[SourceDate "2016.08.29"]
[SourceVersion "1"]
[SourceVersionDate "2016.08.29"]
[SourceQuality "1"]

1. e4 e6 2. d4 d5 3. e5 Nc6 4. Bb5 Bd7 5. Bxc6 bxc6 6. Nf3 Be7 7. 0-0 h6 8. c4 c5 9. Qc2 c6 10. cxd5 cxd5 11. Be3 cxd4 12. Bxd4 Qa5 13. Nbd2 h5 14. Nb3 Qa4 15. Rfc1 Rc8 16. Qb1 Nh6 17. Rxc8+ Bxc8 18. Qc2 0-0 19. Qc7 Nf5 20. Qxa7 Qb5 21. Qb6 1/2-1/2

[Event "Primorsko Dyuni op 1st"]
[Site "Primorsko"]
[Date "2016.05.21"]
[Round "2"]
[White "Nenchev, Georgi"]
[Black "Karov, Aleksandar"]
[Result "1-0"]
[WhiteElo "1457"]
[BlackElo "1019"]
[PlyCount "33"]
[EventDate "2016.05.21"]
[EventType "swiss"]
[EventRounds "7"]
[EventCountry "BUL"]
[SourceTitle "CBM 172 Extra"]
[Source "ChessBase"]
[SourceDate "2016.06.21"]
[SourceVersion "1"]
[SourceVersionDate "2016.06.21"]
[SourceQuality "1"]

1. e4 e5 2. Nf3 Nc6 3. Bb5 d6 4. d4 Bd7 5. d5 Nce7 6. Nc3 c6 7. dxc6 Bxc6 8. Bc4 Nf6 9. Ng5 d5 10. exd5 Nexd5 11. 0-0 h6 12. Nf3 e4 13. Ne5 Qc7 14. Nxc6 Qxc6 15. Bb5 Nxc3 16. Bxc6+ bxc6 17. bxc3 1-0